| 000 | 01192nam a2200349 c 4500 | ||
|---|---|---|---|
| 999 |
_c119394 _d119394 |
||
| 003 | BLK | ||
| 005 | 20220531092557.0 | ||
| 008 | 180409b bul|||||r ||||||| ||bul|| | ||
| 010 | _aKNG00125009000 | ||
| 040 | _aBLK | ||
| 041 |
_aBUL _cBUL |
||
| 080 |
_aДюля _b634.14 _x(035) _z634.14(035) |
||
| 100 | 1 |
_aАнгелов, Тодор Христов _eпърви автор _9316157 |
|
| 139 |
_aАнгелов, Тодор Христов _bА 64 |
||
| 245 | 1 | 0 |
_aДюля _cТодор Христов Ангелов. |
| 257 | _aBGR | ||
| 260 |
_bХристо Г. Данов _c1966 _aПловдив |
||
| 300 |
_a112 с. _bс ил. _c21 см |
||
| 380 | _a63 | ||
| 490 |
_aПоредица Семена _9205327 |
||
| 500 | _aБиблиогр. с. 106-108. | ||
| 650 | 4 |
_aДюля - агротехника _9154086 |
|
| 650 | 4 |
_aОвощни култури _9281786 |
|
| 653 | _aдюля | ||
| 653 | _aовощни култури | ||
| 653 | _aсемкови култури | ||
| 852 |
_aЦб 37340 _bЦб |
||
| 856 | 4 | _qpdf | |
| 856 | 4 | _qpdf | |
| 942 |
_cKNG _n0 _s1 |
||
| 944 |
_aCR _c18.08.2011 _l18.08.2011 - от С1,Р / 18.08.2011 _kВиолета_Тройчева |
||
| 944 |
_aED _c18.08.2011 _l18.08.2011 - от С1,Р / 18.08.2011 |
||
| 944 |
_aED _c2022-05-31 |
||
| 999 | _d119394 | ||